000 004260000a22001810004500
003 MACL
005 20160108142120.0
008 160108b xxu||||| |||| 00| 0 eng d
040 _aMACL
_cMACL
041 _aEnglish
082 _a920/HAM
100 _aHammarskjold, Dag
_929798
245 _aMarkings
260 _bFaber and Faber
_c1975
_aLondon
350 _a13
650 _aBiography
_929799
942 _cBK
_k920/ham
_2ddc
999 _c34554
_d34554